Score 0/7 Timer 03:00
0 Plays Today
Question Answer Wrong Answers
This captain of industry announces an eight-hour workday and a minimum daily wage of $5 across all his assembly line factories.
1914
Henry Ford
87.8%
J. P. Morgan
2.6%
Andrew Carnegie
4.2%
John D. Rockefeller
5%
This American actor and filmmaker, known for roles in ‘Silver Linings Playbook’ and ‘American Hustle’, is born.
1975
Bradley Cooper
75.8%
Ryan Reynolds
6.5%
Chris Pratt
2.4%
Ryan Gosling
13.7%
This legendary NFL coach, best known for leading the 1972 Miami Dolphins to a perfect 17–0 season, announces his retirement.
1996
Don Shula
69.3%
Bill Walsh
7.7%
Joe Gibbs
6.7%
Tom Landry
14.5%
‘Strange Case of Dr Jekyll and Mr Hyde’, by this Scottish novelist, is published by Longmans, Green & Co.
1886
Robert Louis Stevenson
64.6%
Jules Verne
5.2%
Arthur Conan Doyle
19.5%
Arthur C. Clarke
10.7%
With NASA already in early development stages, President Richard Nixon formally orders the development of a ______ program.
1972
Space Shuttle
61.1%
International Space Station
24.7%
Mars Exploration
10%
Space Telescope
2.9%
The German ______ Party, which would later evolve into the Nazi Party, is founded in Munich.
1919
Workers'
51%
People's
23.5%
Nationals
21.3%
Anti-Communist
3.6%
Eris, the second-largest known ______ in the Solar System, is discovered by a team of astronomers using images originally taken in 2003.
2005
Dwarf Planet
44.7%
Moon
21.1%
Asteroid
23.2%
Comet
9.1%
Remove Ads.
Support Sporcle.
Get the best of Sporcle when you Go Orange. This ad-free experience offers more features, more stats, and more fun while also helping to support Sporcle. Thank you for becoming a member.

You're not logged in!

Compare scores with friends on all Sporcle quizzes.
OR
Log In

Show Comments

Extras

Top Quizzes Today


Score Distribution

Your Account Isn't Verified!

In order to create a playlist on Sporcle, you need to verify the email address you used during registration. Go to your Sporcle Settings to finish the process.

Report this User

Report this user for behavior that violates our Community Guidelines.

Details: